| 000 | 00805nam a2200253 i 4500 | ||
|---|---|---|---|
| 001 | 107352 | ||
| 003 | ES-MaACL | ||
| 005 | 20230906184409.0 | ||
| 007 | t| | ||
| 008 | 070104s1987 fr ||||1| fre d | ||
| 020 | _a2-7005-0116-0 | ||
| 080 | _a811.162.1(075.4) | ||
| 100 | 1 |
_aKuszmider, Barbara. _969084 |
|
| 245 | 1 | 3 |
_aLe polonais sans peine / _cpar Barbara Kuszmider ; illustrations de J.-L. Goussé. |
| 260 |
_aChennevières S/Marne : _bAssimil, _c[1987] |
||
| 300 |
_aVII, 484 p. : _bil. ; _c18 cm. |
||
| 490 | 1 | _aMéthode quotidienne Assimil | |
| 500 | _aBiblioteca Jacinto Martínez Lacalle. | ||
| 650 | 1 | 4 |
_aLengua polaca. _9140177 |
| 700 | 1 |
_aGoussé, J.L. _959369 |
|
| 830 | 0 |
_aMéthode quotidienne Assimil _9185350 |
|
| 852 |
_aES-MaACL _jE-11501 _bR.139495 |
||
| 999 |
_c107352 _d107352 |
||